书目信息 |
| 题名: |
东南亚国家联盟各国宪法
|
|
| 作者: | ;北京大学法律系宪法教研室 编译 | |
| 分册: | ||
| 出版信息: | 北京 商务印书馆 1979 |
|
| 页数: | 248页 | |
| 开本: | 20cm | |
| 丛书名: | ||
| 单 册: | ||
| 中图分类: | D933.01 , D911 | |
| 科图分类: | ||
| 主题词: | 宪法--东南亚--汇编 , 法学--部门 | |
| 电子资源: | ||
| ISBN: | ||
| 000 | 00731nam0 2200253 45 | |
| 001 | 0179000979 | |
| 005 | 20040331104322.5 | |
| 010 | @dCNY0.76 | |
| 091 | @a3017.243 | |
| 100 | @a19950716d1979 kemy0chiy0121 ea | |
| 101 | 0 | @achi |
| 102 | @aCN@b110000 | |
| 105 | @ay zn 000yy | |
| 106 | @ar | |
| 200 | 10 | @a东南亚国家联盟各国宪法@Adong nan ya guo jia lian meng ge guo xian fa@f北京大学法律系宪法教研室编译 |
| 210 | @a北京@c商务印书馆@d1979 | |
| 215 | @a248页@d20cm | |
| 606 | @a宪法@y东南亚@x汇编 | |
| 606 | 0 | @a法学@x部门 |
| 690 | @aD933.01@v3 | |
| 690 | @aD911 | |
| 711 | 02 | @a北京大学法律系宪法教研室@Abei jing da xue fa lu帯 xi xian fa jiao yan shi@4编译 |
| 801 | 0 | @aCN@bNLC@c20040331 |
| 905 | @f1@b20708@dD911@e5 | |
| 东南亚国家联盟各国宪法/北京大学法律系宪法教研室编译.-北京:商务印书馆,1979 |
| 248页;20cm |
| ISBN :CNY0.76 |
| ● |
| 相关链接 |
|
|
|
|
正题名:东南亚国家联盟各国宪法
索取号:D911/5
 
预约/预借
| 序号 | 登录号 | 条形码 | 馆藏地/架位号 | 状态 | 备注 |
| 1 | 0020708 | 001923949 | 密集书库/ [索取号:D911/5] | 在馆 | |
| 2 | 0020709 | 001795418 | 密集书库/ [索取号:D911/5] | 在馆 | |
| 3 | 0035231 | 001795374 | 密集书库/ [索取号:D911/5] | 在馆 |